The characterization of recycled acrylonitrile-divinylbenzene polymer for possible antimicrobial tests
This work presented the analysis of acrylonitrile-divinylbenzene copolymers with functional groups (by aminophosphonate type) recovered from a biological medium for possible future use in an antimicrobial test study. Their stability was confirmed by Fourier transform infrared spectroscopy, energy di...
Elmentve itt :
| Szerzők: | |
|---|---|
| Testületi szerző: | |
| Dokumentumtípus: | Könyv része |
| Megjelent: |
University of Szeged
Szeged
2025
|
| Sorozat: | Proceedings of the International Symposium on Analytical and Environmental Problems
31 |
| Kulcsszavak: | Polimerkémia - előadáskivonat |
| Tárgyszavak: | |
| Online Access: | http://acta.bibl.u-szeged.hu/88660 |
| LEADER | 01548naa a2200289 i 4500 | ||
|---|---|---|---|
| 001 | acta88660 | ||
| 005 | 20251110105819.0 | ||
| 008 | 251110s2025 hu o 100 eng d | ||
| 020 | |a 978-963-688-078-1 | ||
| 040 | |a SZTE Egyetemi Kiadványok Repozitórium |b hun | ||
| 041 | |a eng | ||
| 100 | 1 | |a Nichita Ileana | |
| 245 | 1 | 4 | |a The characterization of recycled acrylonitrile-divinylbenzene polymer for possible antimicrobial tests |h [elektronikus dokumentum] / |c Nichita Ileana |
| 260 | |a University of Szeged |b Szeged |c 2025 | ||
| 300 | |a 171-174 | ||
| 490 | 0 | |a Proceedings of the International Symposium on Analytical and Environmental Problems |v 31 | |
| 520 | 3 | |a This work presented the analysis of acrylonitrile-divinylbenzene copolymers with functional groups (by aminophosphonate type) recovered from a biological medium for possible future use in an antimicrobial test study. Their stability was confirmed by Fourier transform infrared spectroscopy, energy dispersive X-ray analysis (EDX) and scanning electron microscopy. | |
| 650 | 4 | |a Természettudományok | |
| 650 | 4 | |a Kémiai tudományok | |
| 695 | |a Polimerkémia - előadáskivonat | ||
| 700 | 0 | 1 | |a Visa Aurelia |e aut |
| 700 | 0 | 1 | |a Drăgan Ecaterina Stela |e aut |
| 700 | 0 | 1 | |a Dinu Valentina Maria |e aut |
| 700 | 0 | 1 | |a Popa Adriana |e aut |
| 700 | 0 | 1 | |a Gros Radu Valentin |e aut |
| 711 | |a 31th International Symposium on Analytical and Environmental Problems |c Szeged |d 2025. október 13-14. | ||
| 856 | 4 | 0 | |u http://acta.bibl.u-szeged.hu/88660/1/proceedings_of_isaep_2025_171-174.pdf |z Dokumentum-elérés |